ˆ[‰Издания]. [Сб. 3]: Система разработки с креплением квадратными окладами и закладкой на иностранных рудниках (Запись № 13607230)

Подробности
000 -МАРКЕР
контрольное поле 01374nam2a2200229 4500
001 - ИДЕНТИФИКАТОР ЗАПИСИ
контрольное поле rc\2968731
005 - ИДЕНТИФИКАТОР ВЕРСИИ
контрольное поле 20260315061544.0
035 ## - ДРУГИЕ СИСТЕМНЫЕ НОМЕРА
Идентификатор записи (NLR Aleph) 007115006
100 ## - ДАННЫЕ ОБЩЕЙ ОБРАБОТКИ
Данные общей обработки 20110906d1939 u y0rusy50 ca
101 0# - ЯЗЫК РЕСУРСА
Язык текста, звукозаписи и т.д. русский
102 ## - СТРАНА ПУБЛИКАЦИИ ИЛИ ПРОИЗВОДСТВА
Страна публикации Российская Федерация
105 ## - ПОЛЕ КОДИРОВАННЫХ ДАННЫХ: ТЕКСТОВЫЕ МАТЕРИАЛЫ, МОНОГРАФИЧЕСКИЕ
Кодированные данные о монографическом текстовом документе y z |||||
200 1# - ЗАГЛАВИЕ И СВЕДЕНИЯ ОБ ОТВЕТСТВЕННОСТИ
Основное заглавие Система разработки с креплением квадратными окладами и закладкой на иностранных рудниках
210 ## - ПУБЛИКАЦИЯ, РАСПРОСТРАНЕНИЕ И ДР.
Дата издания, распространения и т.д. 1939
461 #0 - УРОВЕНЬ НАБОРА
Встроенное поле 001rc\2968730
-- 2001#$aˆ[‰Издания]$e[Сб. 3]-$fНаркомцветмет СССР. Отраслевое бюро техн. информации Главмеди, Главмедьруды и Главцинксвинца при Гипроцветмете$v[Сб. 3]
Системный номер (АБИС) связанной записи 6805459
Автор "Гипроцветмет", институт (Москва). Отраслевое бюро технической информации
Место публикации Москва
Дата публикации 1939
Первые сведения об ответственности Наркомцветмет СССР. Отраслевое бюро техн. информации Главмеди, Главмедьруды и Главцинксвинца при Гипроцветмете
Имя издателя, распространителя и т.д. Б. и.
Сведения, относящиеся к заглавию [Сб. 3]-
Заглавие ˆ[‰Издания]
Номер тома [Сб. 3]
700 #1 - ИМЯ ЛИЦА - ПЕРВИЧНАЯ ОТВЕТСТВЕННОСТЬ
Начальный элемент ввода Банкетов
Часть имени, кроме начального элемента ввода А.К.
801 #0 - ИСТОЧНИК ЗАПИСИ
Страна Российская Федерация
Организация NLR
Правила каталогизации psbo
801 #1 - ИСТОЧНИК ЗАПИСИ
Страна Российская Федерация
Организация ELAR
Источник данных rusmarc
852 ## - МЕСТОНАХОЖДЕНИЕ И ШИФР ХРАНЕНИЯ
Идентификатор организации NLR
Шифр хранения (Call Number) 39-20/65
942 ## - ДОПОЛНИТЕЛЬНЫЕ ЭЛЕМЕНТЫ ЗАПИСИ (АБИС)
Тип экземпляра АБИС Неопределено
980 ## - КОЛЛЕКЦИЯ
Название коллекции Национальная библиография

Нет доступных экземпляров.